The Trinity Hospital in Mile End (Record no. 105200)

MARC details
000 -LEADER
fixed length control field 00838cam a2200193 4500
001 - CONTROL NUMBER
control field ##L132641
008 - FIXED-LENGTH DATA ELEMENTS--GENERAL INFORMATION
fixed length control field 060227n1896 000 0 eng u
035 ## - SYSTEM CONTROL NUMBER
System control number (Sirsi) u132641
041 0# - LANGUAGE CODE
Language code of text/sound track or separate title eng
050 04 - LIBRARY OF CONGRESS CALL NUMBER
Classification number 720 $2 18
100 1# - MAIN ENTRY--PERSONAL NAME
Personal name Ashbee, C. R.
245 04 - TITLE STATEMENT
Title The Trinity Hospital in Mile End
Remainder of title an object lesson in national history
260 ## - PUBLICATION, DISTRIBUTION, ETC.
Place of publication, distribution, etc. London
Name of publisher, distributor, etc. Guild and School of Handicraft
Date of publication, distribution, etc. 1896
300 ## - PHYSICAL DESCRIPTION
Extent 30p.
Other physical details ill
Dimensions 30cm.
490 ## - SERIES STATEMENT
Series statement Survey of London Monograph Series
Volume/sequential designation 1
520 ## - SUMMARY, ETC.
Summary, etc. This volume of the "Survey of London", English Heritage's detailed architectural and topographical study, describes Trinity Hospital in Mile End outlining its significance and historical associations. Includes drawings and maps together with plans, sections and elevations.
690 ## - LOCAL SUBJECT ADDED ENTRY--TOPICAL TERM (OCLC, RLIN)
Topical term or geographic name as entry element BUILT ENVIRONMENT-BUILDING INSPECTION
942 ## - ADDED ENTRY ELEMENTS (KOHA)
Suppress in OPAC 0
Holdings
Withdrawn status Lost status Source of classification or shelving scheme Damaged status Not for loan Home library Current library Shelving location Date acquired Total Checkouts Full call number Barcode Date last seen Copy number Price effective from Koha item type
    Dewey Decimal Classification     London London Basement 27/02/2006   SHELF 318 30072433 06/08/2019 1 06/08/2019 Book